Applied linear algebra / (Record no. 535589)
[ view plain ]
| 000 -LEADER | |
|---|---|
| fixed length control field | 01035cam a2200325 a 4500 |
| 001 - CONTROL NUMBER | |
| control field | 14066676 |
| 003 - CONTROL NUMBER IDENTIFIER | |
| control field | NUST |
| 005 - DATE AND TIME OF LATEST TRANSACTION | |
| control field | 20200917150107.0 |
| 008 - FIXED-LENGTH DATA ELEMENTS--GENERAL INFORMATION | |
| fixed length control field | 050806s2006 njua b 001 0 eng d |
| 010 ## - LIBRARY OF CONGRESS CONTROL NUMBER | |
| LC control number | 2005279718 |
| 020 ## - INTERNATIONAL STANDARD BOOK NUMBER | |
| International Standard Book Number | 9783319910406 |
| 022 ## - INTERNATIONAL STANDARD SERIAL NUMBER | |
| Source | 0172-6056 |
| 035 ## - SYSTEM CONTROL NUMBER | |
| System control number | (OCoLC)ocm57546461 |
| 038 ## - RECORD CONTENT LICENSOR | |
| Staff Name | MSOHAIL |
| 040 ## - CATALOGING SOURCE | |
| Original cataloging agency | TEF |
| Transcribing agency | TEF |
| Modifying agency | OCL |
| -- | BAKER |
| -- | DLC |
| 042 ## - AUTHENTICATION CODE | |
| Authentication code | lccopycat |
| 050 00 - LIBRARY OF CONGRESS CALL NUMBER | |
| Classification number | QA184 |
| Item number | .O49 2006 |
| 082 00 - DEWEY DECIMAL CLASSIFICATION NUMBER | |
| Classification number | 512.5 |
| Edition number | 22 |
| Author Mark | OLV |
| 100 1# - MAIN ENTRY--PERSONAL NAME | |
| Personal name | Olver, Peter J. |
| 9 (RLIN) | 30262 |
| 245 10 - TITLE STATEMENT | |
| Title | Applied linear algebra / |
| Statement of responsibility, etc. | Peter J. Olver, Chehrzad Shakiban. |
| 250 ## - EDITION STATEMENT | |
| Edition statement | 2nd |
| 260 ## - PUBLICATION, DISTRIBUTION, ETC. | |
| Place of publication, distribution, etc. | Upper Saddle River, NJ : |
| Name of publisher, distributor, etc. | Prentice Hall, |
| Date of publication, distribution, etc. | c2006. |
| 300 ## - PHYSICAL DESCRIPTION | |
| Extent | xxii, 679 p. : |
| Other physical details | ill. ; |
| Dimensions | 27 cm. |
| 504 ## - BIBLIOGRAPHY, ETC. NOTE | |
| Bibliography, etc. note | Includes bibliographical references (p. 650-652) and index. |
| 650 #0 - SUBJECT ADDED ENTRY--TOPICAL TERM | |
| Topical term or geographic name entry element | Algebras, Linear. |
| 9 (RLIN) | 10720 |
| 700 1# - ADDED ENTRY--PERSONAL NAME | |
| Personal name | Shakiban, Chehrzad, |
| Dates associated with a name | 1951- |
| 9 (RLIN) | 30263 |
| 906 ## - LOCAL DATA ELEMENT F, LDF (RLIN) | |
| a | 7 |
| b | cbc |
| c | copycat |
| d | 2 |
| e | ncip |
| f | 20 |
| g | y-gencatlg |
| 942 ## - ADDED ENTRY ELEMENTS (KOHA) | |
| Source of classification or shelving scheme | |
| Koha item type | Book |
| Withdrawn status | Lost status | Source of classification or shelving scheme | Damaged status | Not for loan | Permanent Location | Current Location | Date acquired | Total Checkouts | Full call number | Barcode | Date last seen | Price effective from | Koha item type |
|---|---|---|---|---|---|---|---|---|---|---|---|---|---|
| School of Civil and Environmental Engineering (SCEE) | School of Civil and Environmental Engineering (SCEE) | 09/18/2020 | 512.5 OLV | NIT-13292 | 09/18/2020 | 09/18/2020 | Book |
